[Event "Milan Autumn op"]
[Site "Milan"]
[Date "2015.10.06"]
[Round "7"]
[White "Mingolla, Patrizio"]
[Black "Di Paola, Antonio"]
[Result "0-1"]
[WhiteElo "1641"]
[BlackElo "1699"]
[PlyCount "126"]
[EventDate "2015.09.15"]
[EventType "swiss"]
[EventRounds "8"]
[EventCountry "ITA"]
[SourceTitle "EXT 2024"]
[Source "ChessBase"]
[SourceDate "2023.10.10"]
[SourceVersion "1"]
[SourceVersionDate "2023.10.10"]
[SourceQuality "1"]

1. e4 c6 2. d4 d5 3. Nd2 dxe4 4. Nxe4 Nd7 5. Nf3 Ngf6 6. Bd3 Nxe4 7. Bxe4 Nf6 8. Bd3 Bg4 9. c3 e6 10. h3 Bxf3 11. Qxf3 Qc7 12. Bg5 Be7 13. 0-0 0-0 14. Rfe1 c5 15. Bf4 Bd6 16. Bxd6 Qxd6 17. dxc5 Qxc5 18. Rad1 Rfd8 19. Qxb7 Rdb8 20. Qf3 Qa5 21. a3 Qb6 22. b4 Rc8 23. c4 Qa6 24. Re5 Rd8 25. c5 Qa4 26. Rc1 Rac8 27. Bc2 Qa6 28. a4 Nd5 29. Qb3 Qb7 30. b5 Qc7 31. Re4 Qxc5 32. Rc4 Qf8 33. a5 g6 34. Ra1 Rxc4 35. Qxc4 Rc8 36. Qa4 Qc5 37. Bd1 Nc3 38. Qb3 Nxb5 39. a6 Nc3 40. Bf3 Nd5 41. Qb7 Rc7 42. Qb8+ Kg7 43. Qd8 Qc3 44. Rd1 Qc2 45. Rd4 Qc3 46. Rd1 Qc2 47. Rd4 Qc3 48. Bxd5 Qe1+ 49. Kh2 Qe5+ 50. g3 Qxd4 51. Qxc7 exd5 52. Kg2 Qe4+ 53. Kg1 Qe1+ 54. Kg2 Qe4+ 55. Kg1 Qd4 56. Kg2 Qe4+ 57. Kg1 d4 58. Qxa7 d3 59. Qb7 Qe1+ 60. Kg2 d2 61. Qb2+ Kh6 62. Kf3 d1Q+ 63. Kf4 Qdd2+ 0-1

[Event "Milan Autumn op"]
[Site "Milan"]
[Date "2015.09.24"]
[Round "4"]
[White "Mingolla, Patrizio"]
[Black "Arena, Ignazio"]
[Result "1/2-1/2"]
[WhiteElo "1641"]
[BlackElo "1490"]
[PlyCount "60"]
[EventDate "2015.09.15"]
[EventType "swiss"]
[EventRounds "8"]
[EventCountry "ITA"]
[SourceTitle "EXT 2024"]
[Source "ChessBase"]
[SourceDate "2023.10.10"]
[SourceVersion "1"]
[SourceVersionDate "2023.10.10"]
[SourceQuality "1"]

1. e4 c5 2. Nf3 Nc6 3. d4 cxd4 4. Nxd4 e5 5. Nb3 Nf6 6. Nc3 Bb4 7. Bd3 d5 8. exd5 Nxd5 9. Bd2 Nxc3 10. bxc3 Bd6 11. 0-0 0-0 12. Qh5 g6 13. Qf3 Qc7 14. Bh6 Re8 15. Qf6 Bf8 16. Bxf8 Rxf8 17. Rad1 Re8 18. Qg5 e4 19. Bb5 Re5 20. Qf4 Qe7 21. Bxc6 bxc6 22. a4 Bf5 23. Nd4 Bd7 24. Rb1 c5 25. Rb7 cxd4 26. Rxd7 Qxd7 27. Qxe5 dxc3 28. Qxe4 Re8 29. Qf4 Re2 30. Rb1 Kg7 1/2-1/2

[Event "Milan Autumn op"]
[Site "Milan"]
[Date "2015.09.17"]
[Round "2"]
[White "Ceraulo, Carlo Alberto"]
[Black "Mingolla, Patrizio"]
[Result "0-1"]
[WhiteElo "1456"]
[BlackElo "1641"]
[PlyCount "74"]
[EventDate "2015.09.15"]
[EventType "swiss"]
[EventRounds "8"]
[EventCountry "ITA"]
[SourceTitle "EXT 2024"]
[Source "ChessBase"]
[SourceDate "2023.10.10"]
[SourceVersion "1"]
[SourceVersionDate "2023.10.10"]
[SourceQuality "1"]

1. d4 d5 2. c4 c6 3. Nc3 e6 4. Nf3 Nf6 5. Bg5 Be7 6. e3 Nbd7 7. cxd5 exd5 8. Bd3 0-0 9. 0-0 Re8 10. Bf4 Nf8 11. Rc1 Ne6 12. Bg3 Nh5 13. Ne5 g6 14. h3 Nxg3 15. fxg3 Rf8 16. Nf3 Bf6 17. h4 Ng7 18. Nh2 Bf5 19. Bxf5 Nxf5 20. Ng4 Bg7 21. Qf3 Qd6 22. Qf4 Qxf4 23. gxf4 h5 24. Ne5 Nxe3 25. Rfe1 Nf5 26. Rcd1 Rfe8 27. Kf2 Nxh4 28. g3 Bxe5 29. fxe5 Nf5 30. Kf3 Re6 31. Ne2 Rae8 32. Nf4 R6e7 33. Ne2 f6 34. g4 hxg4+ 35. Kxg4 fxe5 36. dxe5 Ne3+ 37. Kg5 Rxe5+ 0-1

[Event "Milan SSM op 09"]
[Site "Milan"]
[Date "2014.10.07"]
[Round "7"]
[White "Di Paola, Antonio"]
[Black "Mingolla, Patrizio"]
[Result "1-0"]
[WhiteElo "1697"]
[BlackElo "1626"]
[PlyCount "101"]
[EventDate "2014.09.16"]
[EventType "swiss"]
[EventRounds "8"]
[EventCountry "ITA"]
[SourceTitle "EXT 2016"]
[Source "ChessBase"]
[SourceDate "2015.10.08"]
[SourceVersion "1"]
[SourceVersionDate "2015.10.08"]
[SourceQuality "1"]

1. d4 d5 2. c4 e6 3. cxd5 exd5 4. Nc3 c6 5. Nf3 Bd6 6. Bg5 Qc7 7. h3 h6 8. Bc1 Nf6 9. Qc2 Qe7 10. e3 Ne4 11. Nxd5 cxd5 12. Qxc8+ Qd8 13. Bb5+ Ke7 14. Qxb7+ Nd7 15. Qxd7+ Qxd7 16. Bxd7 Kxd7 17. 0-0 Rhc8 18. Nd2 Nf6 19. Nb3 Rc2 20. Nc5+ Bxc5 21. dxc5 Rxc5 22. Bd2 Ne4 23. Bb4 Rc2 24. Rad1 Ke6 25. f3 Nc5 26. Rf2 Rxf2 27. Kxf2 Rc8 28. Rd2 Nb7 29. Ke2 g6 30. b3 Rc6 31. Kd3 Rb6 32. Bc3 Nc5+ 33. Kd4 Nb7 34. g4 Rc6 35. Bb2 Ra6 36. Bc3 Rc6 37. Bb4 Rc7 38. Bf8 f6 39. h4 Rc8 40. Bb4 Nd8 41. Kd3 Rb8 42. Ba3 Rc8 43. Rc2 Nc6 44. f4 Kd7 45. Rc5 Ne7 46. Rxc8 Nxc8 47. Kd4 Kc6 48. Bc5 a6 49. b4 Nb6 50. Bxb6 Kxb6 51. Kxd5 1-0

[Event "Milan SSM op 09"]
[Site "Milan"]
[Date "2014.09.30"]
[Round "5"]
[White "Giaretta, Fulvio"]
[Black "Mingolla, Patrizio"]
[Result "1-0"]
[WhiteElo "1794"]
[BlackElo "1626"]
[PlyCount "61"]
[EventDate "2014.09.16"]
[EventType "swiss"]
[EventRounds "8"]
[EventCountry "ITA"]
[SourceTitle "EXT 2016"]
[Source "ChessBase"]
[SourceDate "2015.10.08"]
[SourceVersion "1"]
[SourceVersionDate "2015.10.08"]
[SourceQuality "1"]

1. e4 e5 2. Nf3 Nc6 3. Bb5 Nf6 4. 0-0 d6 5. Re1 Be7 6. c3 0-0 7. d4 exd4 8. cxd4 Bg4 9. Bxc6 bxc6 10. Nc3 Re8 11. Qd3 Qc8 12. Bg5 Qb7 13. Re2 Nh5 14. Bc1 g6 15. h3 Bxf3 16. Qxf3 Rad8 17. g4 Ng7 18. Be3 Qc8 19. Qg3 Rf8 20. f4 Qd7 21. Rf1 f5 22. gxf5 gxf5 23. Rg2 Rf7 24. d5 c5 25. e5 dxe5 26. fxe5 Kh8 27. e6 Nxe6 28. dxe6 Qxe6 29. Re1 Bd6 30. Qh4 Re8 31. Bd4+ 1-0

[Event "Milan SSM op 09"]
[Site "Milan"]
[Date "2014.09.23"]
[Round "3"]
[White "Frignani, Alessandro"]
[Black "Mingolla, Patrizio"]
[Result "0-1"]
[WhiteElo "1467"]
[BlackElo "1626"]
[PlyCount "56"]
[EventDate "2014.09.16"]
[EventType "swiss"]
[EventRounds "8"]
[EventCountry "ITA"]
[SourceTitle "EXT 2016"]
[Source "ChessBase"]
[SourceDate "2015.10.08"]
[SourceVersion "1"]
[SourceVersionDate "2015.10.08"]
[SourceQuality "1"]

1. e4 e5 2. Bc4 c6 3. Nc3 d6 4. Qf3 Nf6 5. h3 Be7 6. Nge2 Be6 7. Bxe6 fxe6 8. d3 0-0 9. Qg3 Qe8 10. Bh6 Qf7 11. f3 Kh8 12. Be3 Nbd7 13. Qf2 Qh5 14. 0-0-0 Qf7 15. g4 d5 16. d4 exd4 17. Bxd4 e5 18. Bxa7 d4 19. Bxd4 exd4 20. Nxd4 Bc5 21. Qg2 Ne5 22. f4 Nc4 23. Rhe1 Nd7 24. f5 Qf6 25. Ne6 Rxa2 26. Rxd7 Ra1+ 27. Nb1 Rxb1+ 28. Kxb1 Qxb2# 0-1

[Event "Monza e Brianza Province-ch"]
[Site "Ceriano Laghetto"]
[Date "2014.02.18"]
[Round "5"]
[White "Stagno, Roberto"]
[Black "Mingolla, Patrizio"]
[Result "1-0"]
[WhiteElo "1440"]
[BlackElo "1624"]
[PlyCount "101"]
[EventDate "2014.01.21"]
[EventType "swiss"]
[EventRounds "6"]
[EventCountry "ITA"]
[SourceTitle "EXT 2015"]
[Source "ChessBase"]
[SourceDate "2014.11.20"]
[SourceVersion "1"]
[SourceVersionDate "2014.11.20"]
[SourceQuality "1"]

1. e4 e5 2. Nf3 Nc6 3. Nc3 Nf6 4. d4 exd4 5. Nxd4 Bb4 6. Nxc6 bxc6 7. f3 0-0 8. Bg5 Qe7 9. Qd4 Bc5 10. Bxf6 Bxd4 11. Bxe7 Re8 12. Ba3 d6 13. Ne2 Be3 14. b3 Bg5 15. Bb2 a5 16. h4 Be3 17. Bd4 Bxd4 18. Nxd4 Bb7 19. Bd3 Rad8 20. 0-0-0 Rc8 21. a4 Rb8 22. Rhe1 Re7 23. Re2 f6 24. Bc4+ Kh8 25. Rde1 g6 26. f4 Rbe8 27. Nf3 c5 28. Bd3 Kg7 29. Bb5 c6 30. Bd3 Bc8 31. f5 Bd7 32. g4 Rb8 33. g5 Rb4 34. gxf6+ Kxf6 35. e5+ dxe5 36. Rxe5 Rxe5 37. Nxe5 Bxf5 38. Bxf5 gxf5 39. Nc4 Rb8 40. Nxa5 Rc8 41. Rf1 Ke5 42. Nc4+ Ke6 43. Rxf5 Rd8 44. Rxc5 Kd7 45. Rh5 Rh8 46. Kd2 h6 47. Ke3 Re8+ 48. Re5 Rg8 49. Rh5 Rg3+ 50. Kf4 Rc3 51. Ne3 1-0

[Event "Monza e Brianza Province-ch"]
[Site "Ceriano Laghetto"]
[Date "2014.01.29"]
[Round "2"]
[White "Frigerio, Roberto"]
[Black "Mingolla, Patrizio"]
[Result "1-0"]
[WhiteElo "1754"]
[BlackElo "1624"]
[PlyCount "117"]
[EventDate "2014.01.21"]
[EventType "swiss"]
[EventRounds "6"]
[EventCountry "ITA"]
[SourceTitle "EXT 2015"]
[Source "ChessBase"]
[SourceDate "2014.11.20"]
[SourceVersion "1"]
[SourceVersionDate "2014.11.20"]
[SourceQuality "1"]

1. e4 e5 2. Nf3 Nc6 3. Bb5 a6 4. Ba4 Bc5 5. Bxc6 dxc6 6. Nxe5 Qd4 7. Nd3 Qxe4+ 8. Qe2 Qxe2+ 9. Kxe2 Bd6 10. Re1 Ne7 11. b3 0-0 12. Ba3 c5 13. Nxc5 Nc6 14. c3 b6 15. Ne4 Bxa3 16. Nxa3 Bf5 17. f3 Rfe8 18. d4 Bxe4 19. fxe4 Rxe4+ 20. Kd3 Ree8 21. Nc4 Rad8 22. Kc2 f6 23. d5 Rxe1 24. Rxe1 Rxd5 25. Re8+ Kf7 26. Rc8 Rd7 27. Nxb6 cxb6 28. Rxc6 Rb7 29. c4 Ke7 30. Rc8 Kd6 31. Re8 Kc6 32. b4 Rd7 33. Re6+ Kb7 34. Kc3 Rc7 35. g4 Rd7 36. c5 Rc7 37. Rxb6+ Ka7 38. Kc4 Re7 39. Rd6 Re2 40. Rd7+ Kb8 41. a3 Re4+ 42. Rd4 Re3 43. Kd5 Rxa3 44. Kd6 Re3 45. Kd7 Rc3 46. Rd6 a5 47. Rb6+ Ka7 48. Kc6 axb4 49. Rxb4 Rc2 50. h4 Rc3 51. Kd6 Rd3+ 52. Kc7 Ka6 53. c6 Ka5 54. Rb7 Rc3 55. Rb6 h5 56. gxh5 f5 57. Kb7 f4 58. c7 f3 59. Rb1 1-0

[Event "Milan Befana op-B"]
[Site "Milan"]
[Date "2014.01.06"]
[Round "7"]
[White "Deghi, Donatello"]
[Black "Mingolla, Patrizio"]
[Result "1/2-1/2"]
[WhiteElo "1815"]
[BlackElo "1624"]
[PlyCount "119"]
[EventDate "2014.01.02"]
[EventType "swiss"]
[EventRounds "7"]
[EventCountry "ITA"]
[SourceTitle "EXT 2015"]
[Source "ChessBase"]
[SourceDate "2014.11.20"]
[SourceVersion "1"]
[SourceVersionDate "2014.11.20"]
[SourceQuality "1"]

1. d4 d5 2. c4 c6 3. e3 Nf6 4. Nc3 e6 5. Nf3 Bd6 6. Bd3 0-0 7. 0-0 Nbd7 8. cxd5 exd5 9. Qc2 Re8 10. a3 Nf8 11. b4 Bg4 12. b5 Bxf3 13. gxf3 Ng6 14. bxc6 bxc6 15. Bxg6 fxg6 16. Kg2 Nh5 17. Rh1 Qd7 18. Ne2 Rf8 19. Ng3 Nxg3 20. hxg3 Rac8 21. Bb2 Qf7 22. f4 Qf5 23. Qxf5 gxf5 24. Rhc1 Rfe8 25. a4 Kf7 26. a5 a6 27. Ba3 Ke6 28. Kf3 h5 29. Ke2 g6 30. f3 Bxa3 31. Rxa3 Kd6 32. g4 fxg4 33. fxg4 hxg4 34. Rg1 Re6 35. Rb3 Rce8 36. Kd2 Rh8 37. Rxg4 Rh2+ 38. Ke1 Ra2 39. Rh4 Rxa5 40. Kf2 Rb5 41. Ra3 a5 42. Kf3 c5 43. dxc5+ Kxc5 44. Rc3+ Kd6 45. Rh7 Re7 46. Rh6 Re6 47. Rh8 Rb7 48. Rd8+ Rd7 49. Ra8 Ke7 50. Rxa5 Kf6 51. Rd3 Red6 52. Ra1 g5 53. Rg1 gxf4 54. exf4 Rh7 55. Rg3 Rh6 56. Ke3 Re6+ 57. Kd4 Re4+ 58. Kxd5 Rxf4 59. Rge3 Rh5+ 60. Kd6 1/2-1/2

[Event "Milan Crespi op-C 33rd"]
[Site "Milan"]
[Date "2012.12.08"]
[Round "4"]
[White "Mingolla, Patrizio"]
[Black "Colica, Daniele"]
[Result "1-0"]
[WhiteElo "1654"]
[BlackElo "1713"]
[PlyCount "45"]
[EventDate "2012.12.05"]
[EventType "swiss"]
[EventRounds "7"]
[EventCountry "ITA"]
[SourceTitle "EXT 2024"]
[Source "ChessBase"]
[SourceDate "2023.10.10"]
[SourceVersion "1"]
[SourceVersionDate "2023.10.10"]
[SourceQuality "1"]

1. e4 d5 2. exd5 Nf6 3. c4 e6 4. dxe6 Bxe6 5. d4 Be7 6. Nf3 Nbd7 7. Bd3 0-0 8. 0-0 c6 9. Qc2 Qa5 10. h3 b5 11. Bd2 Qb6 12. c5 Qc7 13. Nc3 g6 14. Rfe1 Rfe8 15. b4 Bd5 16. Ne5 Bf8 17. Bf4 Qd8 18. Bg5 Be7 19. Nxd5 Nxe5 20. Nxe7+ Qxe7 21. dxe5 Qe6 22. Bxf6 h5 23. Bxg6 1-0

[Event "Milan Crespi op-C 33rd"]
[Site "Milan"]
[Date "2012.12.08"]
[Round "5"]
[White "Ricciardi, Arcangelo"]
[Black "Mingolla, Patrizio"]
[Result "1-0"]
[WhiteElo "1691"]
[BlackElo "1654"]
[PlyCount "59"]
[EventDate "2012.12.05"]
[EventType "swiss"]
[EventRounds "7"]
[EventCountry "ITA"]
[SourceTitle "EXT 2024"]
[Source "ChessBase"]
[SourceDate "2023.10.10"]
[SourceVersion "1"]
[SourceVersionDate "2023.10.10"]
[SourceQuality "1"]

1. e4 e5 2. Nf3 Nc6 3. Bc4 h6 4. Nc3 Nf6 5. d3 Bc5 6. a3 a6 7. b4 Bb6 8. Nd5 Ba7 9. 0-0 d6 10. c3 0-0 11. h3 Nxd5 12. Bxd5 Ne7 13. Ba2 Ng6 14. d4 Qf6 15. Nh2 exd4 16. cxd4 Bxd4 17. Rb1 Be6 18. Bxe6 fxe6 19. Ng4 Bxf2+ 20. Rxf2 Qe7 21. Rbb2 Qd7 22. e5 d5 23. Be3 b6 24. Qd3 Qe8 25. Rxf8+ Kxf8 26. Rf2+ Kg8 27. Bxh6 Nh4 28. Qg3 Ng6 29. h4 Qe7 30. Nf6+ 1-0

[Event "Milan Crespi op-C 33rd"]
[Site "Milan"]
[Date "2012.12.05"]
[Round "1"]
[White "Olivo, Mario"]
[Black "Mingolla, Patrizio"]
[Result "1/2-1/2"]
[WhiteElo "1798"]
[BlackElo "1654"]
[PlyCount "52"]
[EventDate "2012.12.05"]
[EventType "swiss"]
[EventRounds "7"]
[EventCountry "ITA"]
[SourceTitle "EXT 2024"]
[Source "ChessBase"]
[SourceDate "2023.10.10"]
[SourceVersion "1"]
[SourceVersionDate "2023.10.10"]
[SourceQuality "1"]

1. c4 Nf6 2. Nc3 e5 3. Nf3 d6 4. g3 Be7 5. Bg2 Nbd7 6. 0-0 0-0 7. d3 Rb8 8. Be3 b6 9. h3 Bb7 10. Qc2 Re8 11. Bd2 Bf8 12. e4 Nc5 13. Rae1 Ne6 14. Be3 g6 15. Qd2 Bg7 16. Bh6 Bc6 17. Bxg7 Kxg7 18. Nd5 Nh5 19. Ne3 Rh8 20. h4 h6 21. Qe2 Bd7 22. Kh2 a5 23. Bh3 Nef4 24. gxf4 Bxh3 25. Rg1 Nxf4 26. Qd2 Qf6 1/2-1/2

[Event "Bresso op 6th"]
[Site "Bresso"]
[Date "2007.06.17"]
[Round "5"]
[White "Mingolla, Patrizio"]
[Black "Pepa, Syrja"]
[Result "0-1"]
[WhiteElo "1488"]
[BlackElo "1817"]
[PlyCount "89"]
[EventDate "2007.06.14"]
[EventType "swiss"]
[EventRounds "6"]
[EventCountry "ITA"]
[SourceTitle "EXT 2010"]
[Source "ChessBase"]
[SourceDate "2010.11.25"]
[SourceVersion "1"]
[SourceVersionDate "2010.11.25"]
[SourceQuality "1"]

1. e4 e5 2. Nf3 Nc6 3. Bb5 a6 4. Bxc6 dxc6 5. 0-0 Bd6 6. Re1 Bg4 7. d3 Qd7 8. Nbd2 0-0-0 9. Nc4 f6 10. Ne3 Bh5 11. Nxe5 Bxd1 12. Nxd7 Bxc2 13. Nxc2 Rxd7 14. Be3 c5 15. Rac1 Be5 16. Bxc5 Rxd3 17. b3 Nh6 18. Be3 a5 19. Bxh6 gxh6 20. g3 Rhd8 21. Ne3 Rd2 22. f4 Bd4 23. Kh1 Bxe3 24. Rxe3 Rxa2 25. Rec3 c6 26. R3c2 Rxc2 27. Rxc2 Rd3 28. Rc5 Re3 29. e5 fxe5 30. fxe5 Rxb3 31. Rxa5 Re3 32. Kg2 b5 33. Kf2 Rxe5 34. Ra6 Kb7 35. Ra3 b4 36. Rd3 Kb6 37. Rd7 c5 38. Rxh7 Re6 39. Rd7 b3 40. Rd2 Kb5 41. h4 Kb4 42. g4 Kc3 43. Re2 Rxe2+ 44. Kxe2 b2 45. g5 0-1

[Event "Ceriano Laghetto Autunno op"]
[Site "Ceriano Laghetto"]
[Date "2006.11.28"]
[Round "4"]
[White "D'Odorico, Roberto"]
[Black "Mingolla, Patrizio"]
[Result "1-0"]
[WhiteElo "1554"]
[BlackElo "1449"]
[PlyCount "111"]
[EventDate "2006.11.07"]
[EventType "swiss"]
[EventRounds "6"]
[EventCountry "ITA"]
[SourceTitle "EXT 2011"]
[Source "ChessBase"]
[SourceDate "2010.11.26"]
[SourceVersion "1"]
[SourceVersionDate "2010.11.26"]
[SourceQuality "1"]

1. c4 c6 2. Nc3 e6 3. Nf3 Nf6 4. e4 d6 5. d4 Be7 6. Bd3 0-0 7. Qc2 h6 8. e5 Nfd7 9. Bf4 dxe5 10. dxe5 Bb4 11. 0-0 Bxc3 12. Qxc3 Qc7 13. Qd2 f5 14. exf6 e5 15. Bxh6 gxh6 16. Qxh6 Nxf6 17. Rfe1 Qg7 18. Qh4 e4 19. Bxe4 Nxe4 20. Qxe4 Bf5 21. Qh4 Nd7 22. Re7 Rf7 23. Rae1 Kf8 24. Rxf7+ Qxf7 25. Ng5 Qg7 26. Qf4 Qf6 27. g4 Bg6 28. Ne6+ Kg8 29. Qd6 Rd8 30. Rd1 Re8 31. Qxd7 Qxe6 32. Qxe6+ Rxe6 33. Rd8+ Kf7 34. Rd7+ Re7 35. Rxe7+ Kxe7 36. c5 Ke6 37. f4 Kd5 38. f5 Bf7 39. b4 Ke5 40. a3 b6 41. Kf2 bxc5 42. bxc5 Kd5 43. h4 Kxc5 44. h5 Kd5 45. h6 Bg8 46. Ke3 Ke5 47. Kd3 c5 48. Kc3 Kf4 49. f6 Kg5 50. h7 Bxh7 51. f7 Kxg4 52. f8Q Bf5 53. Qxc5 a6 54. Qb6 Bc8 55. Qd4+ Kf5 56. Qc5+ 1-0